-Ectomy Quiz - Statistics

General Stats
  • This quiz has been taken 3,075 times
  • The average score is 9 of 12
Answer Stats
Ectomy Body Part % Correct
Appendectomy Appendix
98%
Cardiectomy Heart
98%
Splenectomy Spleen
95%
Tonsillectomy Tonsils
93%
Pneumonectomy Lung
91%
Rhinectomy All or part of the nose
88%
Mastectomy One or both breasts
88%
Hysterectomy Uterus
80%
Nephrectomy Kidney
76%
Cholecystectomy Gallbladder
50%
Posthectomy Foreskin of the penis
7%
Myomectomy Uterine fibroids
7%
No matching quizzes found
Score Distribution
Percent of People with Each Score
Percentile by Number Answered
Your Score History
You have not taken this quiz